Contexto matemático 1. Primer grado de secundaria.

Guardado en:
Detalles Bibliográficos
Autor principal: Olea Díaz, Alejandro (autor)
Otros autores: Basurto Sánchez, Eduardo (autor) (autor), Rivera Paredes, Marco Antonio (autor) (autor)
Formato: Libro
Idioma:Español
Temas:
Etiquetas: Agrega una etiqueta
Sin etiquetas, Sé el primero en etiquetar este registro!

MARC

LEADER 00000nam^a2200000^u^4500
001 000530963
005 20250521000000.0
008 070316s1000^^^^^^^^^^^^r^^^^^000^0^spa^d
009 20260310130842.643
022 |a 9786077220558 
035 |a FCE 000075211 
037 |a Acervo ITESO - Biblioteca 
041 |a spa 
082 0 4 |a 373.7  |b OLEc 
100 |a Olea Díaz, Alejandro  |e (autor) 
245 1 0 |a Contexto matemático 1. Primer grado de secundaria. 
264 |a México :  |b Norma,  |c 2012. 
300 |a 264 p. :  |b il. 
336 |a texto  |b txt  |2 rdacontenido 
337 |a sin mediación  |b n  |2 rdamedio 
338 |a volumen  |b nc  |2 rdasoporte 
649 |a XX 
650 |a Matemáticas 
650 |a Estudio y enseñanza 
650 |a Libros de texto 
650 |a Educación secundaria 
700 |a Basurto Sánchez, Eduardo  |e (autor) 
700 |a Rivera Paredes, Marco Antonio  |e (autor) 
910 |a Fondo Centro de Estudios Educativos 
920 |a Impresos - Libros 
930 |a Fondos Especiales 
905 |a 133 
901 |a ALE072851  |b IT2  |c CEE  |u 20250521 
902 |a https://opac.biblio.iteso.mx/vufind/Record/000530963